000 00726nam a22002057a 4500
005 20260219102132.0
008 260219b |||||||| |||| 00| 0 eng d
020 _a9789393875426
040 _cVITAP
082 _223
_a934.01 SUB
100 _aSubramanian, T.S
_917140
245 _aThe Wonder That Was The Harappan Civilisation
_c/ T.S. Subramanian
260 _aChennai
_bTHG Publishing Pvt Ltd.
_c2025
300 _a402p, ill.: 29cm
650 0 _aDiscovery of the Harappan Civilization, Geographical Spread, Town Planning & Architecture, Social Life, Economic Activities etc.
_917141
700 _aKirubanidhi, K Ed.
_917142
700 _aKrithika, R Ed.
_917143
700 _aGaneshan, A Ed.
_917144
942 _2ddc
_cBK
999 _c47301
_d47301